| 000 | 00641nam a22002057a 4500 | ||
|---|---|---|---|
| 008 | 150714b xxu||||| |||| 00| 0 alb d | ||
| 020 | _a9789951240055 | ||
| 041 | 0 | _aalb | |
| 080 | _a821.18.09 | ||
| 100 | _aDabishevci, Donika ; | ||
| 245 |
_aProza e poetizuar / _cDonika Dabishevci. |
||
| 260 |
_aPrishtine : _bInstituti Albanologjik, _c2015. |
||
| 300 |
_a340 f. ; _c20 cm. |
||
| 500 | _aLiteratura teorike: f. 323-326 | ||
| 500 | _aLiteratura ndihmese: f. 327-331 | ||
| 505 | _aTreguesi i emrave: f.332-335 | ||
| 650 | 0 | _a Proza | |
| 650 | 0 | _aPoezi | |
| 942 |
_2udc _cBK |
||
| 999 |
_c1117 _d1117 |
||